000 00720nam a2200157 i 4500
001 183663
003 ES-MaACL
005 20230906221939.0
008 140917s1911 sp |||| | spa d
110 0 _aUniversidad Literaria de Salamanca.
_97390
245 1 0 _aMemoria.sobre el estado de la instrucción en esta universidad y establecimientos de enseñanza de su distrito correspondiente al curso académico de 1910 a 1911 : Anuario para el de 1911 a 1912 : variedades /
_cUniversidad Literaria de Salamanca.
260 _aSalamanca :
_b[s.n.],
_c1911 (
_fEst. tip. de Calatrava)
300 _a57, [2] p. ;
_c29 cm.
610 2 4 _aUniversidad Literaria de Salamanca-
_vMemorias.
_9155720
852 _aES-MaACL
_jT-1322-F-7
999 _c183663
_d183663